000 00813nam a22002657a 4500
003 CHAP
005 20220329134744.0
008 971013s r 00010 d
010 _a25333
011 _a26305
035 _a30406
040 _cCHAP
090 _aR-832
100 0 0 _aBrucher, Heinz.
_915736
245 _aRevisión de la sección Tuberarium del género Solanum en Venezuela
500 _aSobretiro de : Acta botánica Venezuélica 4 (1-4) : 361-381, 1969
590 _aBATCH-UPD
_b10
_c20130110
_lUCH01
_h0946
590 _aBATCH-UPD
_b10
_c20130410
_lUCH01
_h0601
590 _aBATCH-UPD
_b10
_c20130914
_lUCH01
_h2001
590 _aCONVERSION
_b10
_c20130109
_lUCH01
_h1315
650 1 4 _aSolanáceas.
_9108358
901 _aBK
942 _cREIMP
949 _aR-832
_bBC
_cR
_d-70566
_eTS1
_i30406
_si
999 _c25333
_d25333